Introduction to function spaces on the disk /
Guardado en:
| Autor Principal: | |
|---|---|
| Formato: | Libro |
| Idioma: | English |
| Publicado: |
Beograd :
Matematicki institut SANU,
2004.
|
| Series: | Posebna izdanja ;
20 |
| Etiquetas: |
Agregar Etiqueta
Sin Etiquetas, Sea el primero en etiquetar este registro!
|
| LEADER | 00613nam a22001815a 4500 | ||
|---|---|---|---|
| 001 | MAT.inmabb002555 | ||
| 008 | 050317s2004####yu#######b####001#0#eng#d | ||
| 005 | 20130308094520.0 | ||
| 245 | 1 | 0 | |a Introduction to function spaces on the disk / |c Miroslav Pavlovic. |
| 260 | |a Beograd : |b Matematicki institut SANU, |c 2004. | ||
| 300 | |a vi, 184 p. ; |c 24 cm. | ||
| 440 | 0 | |a Posebna izdanja ; |v 20 | |
| 504 | |a Bibliografía: p. 176-180. | ||
| 510 | 4 | |a MR, |c 2006d:30001 | |
| 020 | |a 8680593370 | ||
| 100 | 1 | |a Pavlovic, Miroslav. | |
| 084 | |a 30-01 (30D55 30H05 31A05 46E15 46E20 46J15) |2 msc2000 | ||
| 859 | |h 30 |i P338 |p A-8216 |b BIB. MATEMATICA | ||
